Liedtext - König von Deutschland - Rio Reiser - Statistiken

Allgemein
  • Dieses Quiz wurde 386 mal gespielt
  • Das Durchschnittsergebnis liegt bei 219 aus 305
Antwortstatistiken
Textquiz % Korrekt
König
100%
Deutschland
99%
ich
99%
Ich
99%
von
99%
wär'
99%
Wenn
98%
wenn
98%
da
97%
das
95%
Das
95%
und
94%
Und
94%
würd'
93%
Würd'
93%
alles
92%
mehr
92%
machen
91%
viel
91%
noch
90%
der
84%
die
81%
Die
81%
ein
76%
es
75%
bin
71%
oder
68%
nicht
67%
wäre
67%
in
66%
im
65%
Im
65%
nur
65%
Tag
64%
Wie
64%
wie
64%
eine
63%
Jede
63%
Kaiser
63%
mir
63%
Königin
61%
sie
61%
Sie
61%
nach
60%
aus
58%
Bei
58%
Fernseh'n
58%
jeden
58%
Kanzler
58%
lang
58%
Oh
58%
was
58%
um
57%
auch
56%
kann
56%
24
55%
mal
55%
Stunden
55%
Fernsehen
54%
Sondern
54%
gäb'
53%
gäb
53%
Nacht
53%
sagen
53%
haben
52%
mich
52%
Robert
52%
Würde
52%
eins
51%
Programm
51%
raus
50%
als
49%
Erste
49%
Kohl
49%
meine
49%
Rio
49%
vorher
49%
Vorher
49%
denk'
48%
halb
48%
Jahr
48%
Woche
48%
Lottozahlen
47%
nie
47%
Bett
46%
Hit
46%
ihre
46%
reisen
46%
Sissi
46%
Zweite
46%
Geburtstag
45%
ob
45%
rauscht
45%
hören
44%
beißen
43%
groß
43%
USA
43%
Vivaldi
43%
Waden
43%
ganz
42%
käm'
42%
Paraden
42%
Show
42%
anseh'n
41%
gern
41%
Spaß
41%
versteh'n
41%
Lembke
40%
müssten
40%
wären
40%
hätte
39%
baden
38%
Leg
38%
tagaus
38%
Bundeswehr
37%
dicker
37%
Garde
37%
pleite
37%
Schweizer
37%
tagein
37%
wissen
37%
rum
36%
Strauß
36%
trinken
36%
48
35%
auf's
35%
Schmidt
35%
Felix
34%
Glas
34%
Morgen
34%
Waldi
34%
Autos
33%
Kurt
33%
Paola
33%
stinken
33%
dürften
32%
kämen
32%
Platten
32%
Champus
30%
täglich
30%
zweimal
30%
des
29%
erstmal
29%
Socken
29%
schicker
28%
wechseln
28%
Schlösser
27%
zweihundert
26%
Ronnie
25%
Barde
24%
Königs
24%
Krone
24%
Mey
12%
Reinhard
12%
Keine übereinstimmenden Quizze gefunden
Verteilung der Resultate
Anzahl Personen mit jedem Resultat
Perzentil nach korrekt beantworteten Fragen
Ihre Resultats-Entwicklung
Sie haben dieses Quiz noch nicht gespielt